000 00291nam a2200109Ia 4500
008 200302s9999 xx 000 0 und d
100 _aAlex Sanchez Vidiella
245 _aThe Sourcebook of Contemporary Architecture
260 _bCollins Design Publishing
260 _c2007
300 _a600 P.,
999 _c3125
_d3125